Literacy and Learning in Latin and Abacus Schools in Verona (1405-1509) /
This book offers a detailed account of Italian Renaissance education in fifteenth-century Verona, one of the most influential contexts for the teaching of the humanae litterae when the transition from medieval Latin education to the Renaissance humanist curriculum first happened. It is a pathbreakin...
المؤلف الرئيسي:
التنسيق: كتاب الكتروني
اللغة: English
منشور في:
Leiden ; Boston :
Brill,
2026.
سلاسل:
Early Modern History and Modern History E-Books online, Collection 2026.
History of Early Modern Educational Thought ;
7.
الموضوعات:
الوصول للمادة أونلاين: Login to view Source
الوسوم: إضافة وسم
رقم الطلب: Z6207.G7 DE3
| LEADER | 02888nam a22004698i 4500 | ||
|---|---|---|---|
| 001 | BRILL9789004746169 | ||
| 003 | nllekb | ||
| 005 | 20260324115025.0 | ||
| 006 | m d | ||
| 007 | cr un uuuua | ||
| 008 | 251031s2026 gw sb 001 0 eng d | ||
| 020 | |a 9789004746169 |q (electronic book) | ||
| 020 | |z 9789004746152 |q (print) | ||
| 024 | 7 | |a 10.1163/9789004746169 |2 DOI | |
| 040 | |a NL-LeKB |c NL-LeKB |e rda | ||
| 041 | |a eng | ||
| 050 | 4 | |a Z6207.G7 DE3 | |
| 072 | 7 | |a EDU |x 0016000 |2 bisacsh | |
| 072 | 7 | |a JNB |2 bicssc | |
| 082 | 0 | 4 | |a 025.4/3 |2 23 |
| 100 | 1 | |a Masiero, Francesca, |e author. | |
| 245 | 1 | 0 | |a Literacy and Learning in Latin and Abacus Schools in Verona (1405-1509) / |c Francesca Masiero. |
| 264 | 1 | |a Leiden ; |a Boston : |b Brill, |c 2026. | |
| 264 | 4 | |c ©2026 | |
| 300 | |a 1 online resource (232 pages) : |b illustrations. | ||
| 336 | |a text |b txt |2 rdacontent | ||
| 337 | |a computer |b c |2 rdamedia | ||
| 338 | |a online resource |2 rdacarrier | ||
| 490 | 1 | |a Early Modern History and Modern History E-Books online, Collection 2026 | |
| 490 | 1 | |a History of Early Modern Educational Thought ; |v 7 | |
| 504 | |a Includes bibliographical references and index. | ||
| 520 | |a This book offers a detailed account of Italian Renaissance education in fifteenth-century Verona, one of the most influential contexts for the teaching of the humanae litterae when the transition from medieval Latin education to the Renaissance humanist curriculum first happened. It is a pathbreaking and methodologically exemplary study, up to date with the most recent Italian and Anglophone scholarship, balancing localized archival discoveries with broader interpretive frameworks. Drawing upon an extraordinary wealth of archival materials, the author reconstructs a nuanced portrait of teachers, institutions, and educational practices. The book's empirical rigor is matched by its theoretical sophistication. It not only sheds new light on a crucial period in the history of Italian education but also sets a new standard for the integration of archival research, historiographical reflection, and analytical clarity. Each chapter contributes uniquely to a coherent and compelling narrative. The result is a landmark contribution to both Renaissance studies and the history of education. | ||
| 546 | |a English | ||
| 588 | |a Description based on print version record. | ||
| 650 | 0 | |a Classical Studies. | |
| 650 | 0 | |a Classical Tradition & Reception Studies. | |
| 650 | 0 | |a Education. | |
| 776 | 0 | 8 | |i Print version: |t Literacy and Learning in Latin and Abacus Schools in Verona (1405-1509). |d Leiden ; Boston : Brill, 2026. |z 9789004746152 |w (OCoLC)1530606083 |
| 830 | 0 | |a Early Modern History and Modern History E-Books online, Collection 2026. | |
| 830 | 0 | |a History of Early Modern Educational Thought ; |v 7. | |
| 856 | 4 | |z DOI: |u http://dx.doi.org/10.1163/9789004746169 | |
| 999 | |c 61979 |d 61979 | ||
